000 00633nam a2200229Ia 4500
003 OSt
005 20220928105555.0
006 a|||||r|||| 00| 0
007 ta
008 220927b |||||||| |||| 00| 0 eng d
024 _a31728
037 _cTextual
040 _aSDCL
_cSDCL
_beng
041 _2eng
_aeng
082 _aO152:gvN, P2
100 _aMishra Ramdarasha
_9415833
245 0 _aHindi aalochana
_bPravrittiyan aur aadharbhumi.
260 _aDelhi
_bNorth India Publishers
_c2002
300 _a368p.
_ccm.
942 _hO152:gvN, P2
_cTEXL
_2CC
999 _c731719
_d731719